书目信息 |
| 题名: |
大地之灵
|
|
| 作者: | 史建 著 | |
| 分册: | ||
| 出版信息: | 济南 山东画报出版社 1998.09 |
|
| 页数: | 321页 | |
| 开本: | 32开 | |
| 丛书名: | ||
| 单 册: | ||
| 中图分类: | TU-86 | |
| 科图分类: | ||
| 主题词: | 建筑风格 , 建筑艺术--流派 , 建筑艺术--作品--评价 | |
| 电子资源: | ||
| ISBN: | 7-80603-252-5 | |
| 000 | 00746nam0 2200229 45 | |
| 001 | 0209171649 | |
| 005 | 20031219104057.3 | |
| 010 | @a7-80603-252-5@dCNY16.80 | |
| 100 | @a20020917d1998 km y0chiy0120 ea | |
| 101 | 0 | @achi |
| 105 | @aa z 000yy | |
| 200 | 1 | @a大地之灵@ADa Di Zhi Ling@e东西方经典建筑艺术的魅力@EDong Xi Fang Jing Dian Jian Zhu Yi Shu De Mei Li@f史建著@FShi Jian Zhu |
| 210 | @a济南@c山东画报出版社@d1998.09 | |
| 215 | @a321页@c插图@d32开 | |
| 517 | 1 | @a东西方经典建筑艺术的魅力@ADong Xi Fang Jing Dian Jian Zhu Yi Shu De Mei Li |
| 606 | 0 | @a建筑风格 |
| 606 | 0 | @a建筑艺术@x流派 |
| 606 | 0 | @a建筑艺术@x作品@x评价 |
| 690 | @aTU-86@v4 | |
| 701 | @a史建@4著 | |
| 801 | @aCN@bTSTC@c20020917 | |
| 905 | @b314305@dTU-86@e28@f1 | |
| 大地之灵:东西方经典建筑艺术的魅力/史建著.-济南:山东画报出版社,1998.09 |
| 321页:插图;32开 |
| ISBN 7-80603-252-5:CNY16.80 |
| ● |
| 相关链接 |
|
|
|
|
正题名:大地之灵
索取号:TU-86/28
 
预约/预借
| 序号 | 登录号 | 条形码 | 馆藏地/架位号 | 状态 | 备注 |
| 1 | 0314305 | 203143053 | 第二样本阅览室/ [索取号:TU-86/28] | 在馆 |